00631cam a2200193 a 4500008004100000010001600041020001500057020001800072040002800090050002100118100002100139245007500160250001100235260005500246300002700301440002900328504006600357650001400423140507s1995 fr b 000 0 fre d a 91212123 a2130625681 a9782130625681 aEG-GiCUCbfrecEG-GiCUC00aP301b.R345 19951 aReboul, Olivier.10aIntroduction a la rhetorique :btheorie et pratique /cOlivier Reboul. a2e ed. aParis :bPresses universitaires de France,cc1995. aviii, 242 p. ;c22 cm. 0aCollection Premier cycle aIncludes bibliographical references (p. [229]-230) and index. 0aRhetoric.